[Event "Montcalm VII 2004-05"]
[Site "Quebec CAN"]
[Date "2005.05.19"]
[Round "4"]
[White "Lemieux, Pierre"]
[Black "Audet-Bouchard, Nicolas"]
[Result "0-1"]
[WhiteElo "1886"]
[BlackElo "2104"]
[PlyCount "72"]
[GameId "2160767910968693"]
[EventDate "2005.04.28"]
[EventType "swiss"]
[EventRounds "5"]
[EventCountry "CAN"]

1. d4 Nf6 2. Nf3 d5 3. Bf4 c5 4. c3 Qb6 5. Qb3 Nc6 6. e3 c4 7. Qc2 Bf5 8. Qc1 e6 9. Nbd2 Qd8 10. h3 Bd6 11. Ne5 Bxe5 12. dxe5 Nd7 13. e4 Bxe4 14. Nxe4 dxe4 15. Bxc4 Ndxe5 16. Bxe5 Nxe5 17. Bb5+ Nc6 18. Qe3 Qb6 19. Qe2 O-O 20. O-O Ne5 21. Ba4 f5 22. Kh1 Rad8 23. Rad1 Rd3 24. Bc2 Rxd1 25. Bxd1 Rd8 26. Bb3 Nd3 27. Bc4 Nf4 28. Qc2 Qc6 29. Bb3 Rd3 30. Qc1 e3 31. f3 e2 32. Rg1 Rxf3 33. Bxe6+ Nxe6 34. gxf3 Qxf3+ 35. Kh2 Nf4 36. Rg5 Qf2+ 0-1

[Event "Montcalm VII 2004-05"]
[Site "Quebec CAN"]
[Date "2005.05.26"]
[Round "5"]
[White "Audet-Bouchard, Nicolas"]
[Black "Benoit, Sebastien"]
[Result "1-0"]
[WhiteElo "2104"]
[BlackElo "1742"]
[PlyCount "34"]
[GameId "2160767910968694"]
[EventDate "2005.04.28"]
[EventType "swiss"]
[EventRounds "5"]
[EventCountry "CAN"]

1. e4 c5 2. Nf3 e6 3. d4 cxd4 4. Nxd4 Nf6 5. Nc3 Bb4 6. Bd3 e5 7. Nde2 O-O 8. Bg5 h6 9. Bxf6 Qxf6 10. O-O Bxc3 11. Nxc3 Nc6 12. Nd5 Qg5 13. c3 d6 14. Qb3 Bh3 15. Ne3 Nd4 16. cxd4 exd4 17. f4 Qh5 1-0

[Event "Montcalm VII 2004-05"]
[Site "Quebec CAN"]
[Date "2005.05.26"]
[Round "5"]
[White "Bourassa, Andre"]
[Black "Perreault, Jacquelin"]
[Result "1-0"]
[WhiteElo "1623"]
[BlackElo "1758"]
[PlyCount "57"]
[GameId "2160767910968695"]
[EventDate "2005.04.28"]
[EventType "swiss"]
[EventRounds "5"]
[EventCountry "CAN"]

1. d4 Nf6 2. c4 e6 3. Nc3 Bb4 4. Bg5 O-O 5. Nf3 d6 6. Qc2 Nbd7 7. e3 b6 8. Bd3 h6 9. h4 Bb7 10. Ke2 Bxc3 11. bxc3 Qe7 12. Rag1 e5 13. e4 exd4 14. cxd4 hxg5 15. hxg5 Bxe4 16. Re1 d5 17. gxf6 Nxf6 18. Ne5 c5 19. f3 Bxd3+ 20. Kxd3 cxd4 21. Rh8+ Kxh8 22. Ng6+ fxg6 23. Rxe7 dxc4+ 24. Qxc4 Rfd8 25. Qf7 Rg8 26. Re1 Kh7 27. Rh1+ Nh5 28. Rxh5+ gxh5 29. Qxh5# 1-0

[Event "Montcalm VII 2004-05"]
[Site "Quebec CAN"]
[Date "2005.05.26"]
[Round "5"]
[White "Fortier, Bertrand"]
[Black "Cummins, Paul"]
[Result "0-1"]
[WhiteElo "1650"]
[BlackElo "1693"]
[PlyCount "69"]
[GameId "2160767910968696"]
[EventDate "2005.04.28"]
[EventType "swiss"]
[EventRounds "5"]
[EventCountry "CAN"]

1. e4 c5 2. Nf3 d6 3. Bc4 Nc6 4. d3 g6 5. c3 Bg7 6. Qb3 e6 7. Bg5 Nge7 8. Qc2 O-O 9. Qd2 Re8 10. O-O a6 11. Bh6 Bh8 12. Ng5 Bg7 13. Qf4 Rf8 14. Qh4 Bf6 15. Bxf8 Bxg5 16. Qxg5 Qxf8 17. Nd2 b5 18. Bb3 Bb7 19. f4 Qg7 20. Rf2 h6 21. Qg3 Na5 22. f5 gxf5 23. Qxd6 Re8 24. Qc7 Nxb3 25. axb3 Bc8 26. Qxc5 e5 27. exf5 Nxf5 28. Ne4 Kh8 29. Nd6 Nxd6 30. Qxd6 f5 31. Re1 Kh7 32. Re3 f4 33. Rxf4 Re6 34. Rg3 Qa7+ 35. Rd4 0-1

[Event "Montcalm VII 2004-05"]
[Site "Quebec CAN"]
[Date "2005.05.26"]
[Round "5"]
[White "Lemieux, Pierre"]
[Black "Dumont, Eric"]
[Result "1-0"]
[WhiteElo "1886"]
[BlackElo "1632"]
[PlyCount "112"]
[GameId "2160767910968697"]
[EventDate "2005.04.28"]
[EventType "swiss"]
[EventRounds "5"]
[EventCountry "CAN"]

1. d4 f5 2. Nf3 e6 3. Bf4 Nf6 4. e3 Be7 5. Bd3 d6 6. Nbd2 O-O 7. h3 Bd7 8. c3 Nc6 9. Qe2 a6 10. g4 Qe8 11. gxf5 exf5 12. Rg1 Kh8 13. Qf1 b5 14. Qg2 Nh5 15. Be2 Bf6 16. Bg5 g6 17. Nh4 Ng7 18. Bxf6 Rxf6 19. Qg5 Qe6 20. d5 Qe7 21. dxc6 Bxc6 22. Qh6 Be8 23. Ndf3 Ne6 24. Ng5 Nxg5 25. Qxg5 Qe6 26. Bf3 c6 27. Qf4 Ra7 28. Qd4 Qe7 29. Ng2 c5 30. Qh4 b4 31. Nf4 Qe5 32. Nd5 Re6 33. Qf4 Qxf4 34. Nxf4 Re5 35. c4 a5 36. Rd1 Rd7 37. Bc6 Rd8 38. Bxe8 Rexe8 39. Ke2 Re4 40. f3 Ree8 41. Rd3 Re7 42. Rxg6 Rxe3+ 43. Rxe3 hxg6 44. Nxg6+ Kg7 45. Nf4 Kf7 46. Re6 Rd7 47. Rh6 Kg7 48. Rg6+ Kh7 49. Rf6 b3 50. a3 a4 51. Rxf5 Rg7 52. Kf2 Rd7 53. Rd5 Rf7 54. Kg3 Rg7+ 55. Kh4 Rg1 56. Rh5+ Kg7 1-0

[Event "Montcalm op"]
[Site "Quebec CAN"]
[Date "2005.01.07"]
[Round "1"]
[White "Perreault, Jacquelin"]
[Black "Caire, Francois"]
[Result "0-1"]
[WhiteElo "1795"]
[BlackElo "2110"]
[PlyCount "59"]
[GameId "2160767911031720"]
[EventDate "2005.01.07"]
[EventType "swiss"]
[EventRounds "5"]
[EventCountry "CAN"]

1. e4 c5 2. Nf3 Nf6 3. Nc3 Nc6 4. d4 cxd4 5. Nxd4 e5 6. Ndb5 d6 7. Bg5 a6 8. Na3 b5 9. Bxf6 gxf6 10. Nd5 f5 11. Bd3 Be6 12. O-O Bxd5 13. exd5 Ne7 14. c3 Bg7 15. Qh5 e4 16. Bc2 O-O 17. Rae1 Qc8 18. Kh1 Rb8 19. f3 b4 20. fxe4 bxa3 21. exf5 Ng6 22. f6 Bh8 23. Rf3 Re8 24. Ref1 Re5 25. Qh6 Qc4 26. b3 Qh4 27. Qd2 Rbe8 28. Bxg6 hxg6 29. Rh3 Qg5 30. Rxh8+ 0-1

[Event "Montcalm op"]
[Site "Quebec CAN"]
[Date "2005.01.07"]
[Round "2"]
[White "Caire, Francois"]
[Black "Dion, Jean-Francois"]
[Result "1-0"]
[WhiteElo "2110"]
[BlackElo "1920"]
[PlyCount "113"]
[GameId "2160767911031721"]
[EventDate "2005.01.07"]
[EventType "swiss"]
[EventRounds "5"]
[EventCountry "CAN"]

1. d4 Nf6 2. c4 g6 3. Nc3 Bg7 4. e4 d6 5. f4 O-O 6. Nf3 Nbd7 7. Bd3 c5 8. d5 a6 9. a4 b6 10. O-O Qc7 11. Qc2 Bb7 12. Bd2 e6 13. Rae1 exd5 14. cxd5 c4 15. Be2 Qc5+ 16. Kh1 b5 17. Na2 Rfe8 18. Bb4 Qc7 19. Nc3 Nc5 20. Nd2 Qb6 21. g4 Nb3 22. Nxb3 cxb3 23. Qd3 bxa4 24. Ba3 Nd7 25. Nxa4 Qa5 26. Qxb3 Rab8 27. Nc3 Bxc3 28. Qxc3 Qxc3 29. bxc3 Rxe4 30. Bf3 Rxf4 31. Bxd6 Rxf3 32. Rxf3 Bxd5 33. Bxb8 Bxf3+ 34. Kg1 Bxg4 35. Ba7 Be6 36. Re4 Kf8 37. Ra4 Ke8 38. Rxa6 Ne5 39. Kf2 Kd7 40. Bd4 Nc4 41. Ke2 Kc7 42. Kd3 Kb7 43. Rxe6 Nb2+ 44. Kc2 fxe6 45. Kxb2 Kc6 46. c4 g5 47. Kc3 g4 48. Bf6 Kc5 49. Be7+ Kc6 50. Kd4 Kd7 51. Bh4 Kd6 52. c5+ Kc6 53. Bf2 h5 54. Ke5 h4 55. Bxh4 Kxc5 56. Kxe6 Kd4 57. Kf5 1-0

[Event "Montcalm op"]
[Site "Quebec CAN"]
[Date "2005.01.08"]
[Round "2"]
[White "Auger, Bertrand"]
[Black "Sauve, Richard"]
[Result "1-0"]
[WhiteElo "1896"]
[BlackElo "2062"]
[PlyCount "79"]
[GameId "2160767739706451"]
[EventDate "2005.01.07"]
[EventType "swiss"]
[EventRounds "5"]
[EventCountry "CAN"]

1. c4 {Partie commentée par R. Sauvé dans Échec+ n160.} e6 2. Nc3 d5 3. d4 c6 4. Nf3 dxc4 5. a4 Bb4 6. g3 b5 7. axb5 cxb5 8. Bg2 Bb7 9. O-O a6 10. Qc2 Nf6 11. Rd1 O-O 12. d5 exd5 13. Nxd5 Bxd5 14. Ng5 Ra7 15. Rxd5 Rd7 16. Rxd7 Qxd7 17. Bf4 h6 18. Nf3 Qa7 19. Qf5 Bc5 20. e3 Nbd7 21. Ne5 Nxe5 22. Bxe5 Nd7 23. Bf4 Nb8 24. Rd1 Qe7 25. Be4 g6 26. Qd5 Kh7 27. h4 f5 28. Bc2 h5 29. Bg5 Qc7 30. Bf4 Qe7 31. g4 hxg4 32. h5 a5 33. hxg6+ Kg7 34. Be5+ Kxg6 35. Bxb8 Bxe3 36. Qd6+ Qxd6 37. Bxd6 Bxf2+ 38. Kxf2 Rh8 39. Bf4 b4 40. Rd6+ 1-0

[Event "Montcalm op"]
[Site "Quebec CAN"]
[Date "2005.01.08"]
[Round "2"]
[White "Rivest, Jean-Michel"]
[Black "Bolduc, Steve"]
[Result "0-1"]
[WhiteElo "2025"]
[BlackElo "2256"]
[PlyCount "140"]
[GameId "2160767911031722"]
[EventDate "2005.01.07"]
[EventType "swiss"]
[EventRounds "5"]
[EventCountry "CAN"]

1. e4 c5 2. Nf3 Nc6 3. d4 cxd4 4. Nxd4 Nf6 5. Nc3 g6 6. Be3 Bg7 7. Bc4 O-O 8. Bb3 a5 9. f3 d5 10. Nxd5 a4 11. Bc4 Nxd5 12. exd5 Nb4 13. a3 Nxd5 14. Bf2 e5 15. Nb5 Qa5+ 16. Qd2 Qxd2+ 17. Kxd2 Rd8 18. Ke1 Be6 19. Rd1 Rac8 20. b3 e4 21. Bh4 Rd7 22. fxe4 Ne3 23. Rxd7 Bxd7 24. Kf2 Nxc4 25. bxc4 g5 26. Bxg5 h6 27. Be3 Rxc4 28. Nd6 Rxc2+ 29. Kf3 Bc6 30. Rc1 Ra2 31. Bc5 Bf8 32. h3 Rd2 33. Nc4 Rd3+ 34. Be3 f5 35. Ke2 Bxe4 36. g4 fxg4 37. hxg4 b5 38. Nd2 Bh7 39. Rc8 Rd6 40. Bc5 Re6+ 41. Kf2 Rf6+ 42. Kg3 Kg7 43. Bd4 Bxa3 44. Rc6 Be7 45. Rb6 Bd3 46. Nf3 Bc4 47. Nd2 Bd3 48. Nf3 a3 49. Rb7 Kf8 50. Bxf6 Bxf6 51. Rb8+ Ke7 52. Rb7+ Kd8 53. Ra7 b4 54. Kf4 Bc3 55. Ne5 Bb1 56. Nf7+ Kc8 57. Nd6+ Kb8 58. Rb7+ Ka8 59. Rb5 a2 60. Ra5+ Kb8 61. Nb5 a1=Q 62. Rxa1 Bxa1 63. g5 hxg5+ 64. Kxg5 Kb7 65. Nd6+ Kc6 66. Nc4 Kc5 67. Nd2 Bc2 68. Kf4 Kd4 69. Nf3+ Kd3 70. Ne1+ Kd2 0-1

[Event "Montcalm op"]
[Site "Quebec CAN"]
[Date "2005.01.08"]
[Round "3"]
[White "Carrier, Claude"]
[Black "Caire, Francois"]
[Result "1/2-1/2"]
[WhiteElo "1952"]
[BlackElo "2110"]
[PlyCount "82"]
[GameId "2160767911031723"]
[EventDate "2005.01.07"]
[EventType "swiss"]
[EventRounds "5"]
[EventCountry "CAN"]

1. e4 c5 2. Nf3 Nf6 3. Nc3 d5 4. e5 Nfd7 5. Nxd5 Nxe5 6. Nxe5 Qxd5 7. Bb5+ Nd7 8. Qh5 a6 9. Nxd7 Qxh5 10. Nf6+ Kd8 11. Nxh5 axb5 12. O-O g6 13. Nf4 e5 14. Ne2 Be6 15. d3 Bg7 16. Nc3 b4 17. Ne4 b6 18. b3 f5 19. Ng5 Bd5 20. Bb2 h6 21. Nf3 Bxf3 22. gxf3 Ra7 23. Rfe1 Re8 24. a3 bxa3 25. Rxa3 Rxa3 26. Bxa3 g5 27. Bb2 Kc7 28. Kg2 Kc6 29. h4 Ra8 30. Bxe5 Re8 31. Bc3 Rxe1 32. Bxe1 gxh4 33. c4 Bf6 34. f4 Kd6 35. f3 Ke6 36. Kh3 Kf7 37. Bxh4 Bxh4 38. Kxh4 Kg6 39. Kg3 h5 40. Kf2 h4 41. Kg2 Kh6 1/2-1/2

[Event "Montcalm op"]
[Site "Quebec CAN"]
[Date "2005.01.08"]
[Round "4"]
[White "Tremblay, Rejean"]
[Black "Beaudoin, Stephane"]
[Result "1/2-1/2"]
[WhiteElo "2164"]
[BlackElo "2061"]
[PlyCount "81"]
[GameId "2160767911031724"]
[EventDate "2005.01.07"]
[EventType "swiss"]
[EventRounds "5"]
[EventCountry "CAN"]

1. d4 Nf6 2. c4 c5 3. d5 e6 4. Nc3 exd5 5. cxd5 d6 6. g3 g6 7. Bg2 Bg7 8. Nf3 O-O 9. O-O a6 10. a4 Nbd7 11. h3 Rb8 12. Bf4 Qc7 13. Rc1 Re8 14. Qd2 Ne4 15. Nxe4 Rxe4 16. Qc2 Nf6 17. Ne1 Re7 18. g4 b5 19. b4 c4 20. a5 Bb7 21. e4 Rbe8 22. f3 Nd7 23. Bg5 Bd4+ 24. Kh1 f6 25. Bh4 g5 26. Bg3 Nf8 27. Qd2 Ba7 28. Nc2 Ng6 29. Nd4 Bc8 30. Nc6 Rg7 31. Nxa7 Qxa7 32. Bxd6 Nh4 33. Bc5 Qc7 34. Bd4 Rf7 35. Rce1 Qd6 36. Bc5 Qg3 37. Qf2 Qf4 38. Be3 Qd6 39. Bc5 Qf4 40. Be3 Qd6 41. Bc5 1/2-1/2

[Event "Montcalm op"]
[Site "Quebec CAN"]
[Date "2005.01.09"]
[Round "5"]
[White "Caire, Francois"]
[Black "Bolduc, Steve"]
[Result "1/2-1/2"]
[WhiteElo "2110"]
[BlackElo "2256"]
[PlyCount "38"]
[GameId "2160767911031725"]
[EventDate "2005.01.07"]
[EventType "swiss"]
[EventRounds "5"]
[EventCountry "CAN"]

1. d4 Nf6 2. Nf3 e6 3. c4 Bb4+ 4. Bd2 c5 5. Bxb4 cxb4 6. g3 d6 7. Bg2 O-O 8. O-O Nc6 9. Nbd2 e5 10. d5 Ne7 11. Ne1 b6 12. Nd3 a5 13. e4 Nd7 14. f4 f6 15. Qe2 Qc7 16. Bh3 Nc5 17. Bxc8 Raxc8 18. f5 g6 19. g4 g5 1/2-1/2

[Event "Montcalm-ch"]
[Site "Quebec CAN"]
[Date "2005.04.28"]
[Round "1"]
[White "Auger, Bertrand"]
[Black "Moisan, Francois"]
[Result "1-0"]
[WhiteElo "1988"]
[BlackElo "1912"]
[PlyCount "113"]
[GameId "2160767910968698"]
[EventDate "2005.04.28"]
[EventType "tourn"]
[EventRounds "5"]
[EventCountry "CAN"]

1. Nf3 Nf6 2. g3 g6 3. b4 Bg7 4. Bb2 O-O 5. Bg2 d6 6. d3 e5 7. Nbd2 Nc6 8. b5 Ne7 9. c4 Nd7 10. e4 f5 11. O-O Nc5 12. Qc2 fxe4 13. dxe4 h6 14. a4 Be6 15. Nb3 b6 16. Rad1 Qc8 17. Nxc5 bxc5 18. Ne1 g5 19. Nd3 Ng6 20. f3 Bh3 21. Bxh3 Qxh3 22. Nf2 Qe6 23. Ng4 Rf7 24. Ne3 Ne7 25. Nd5 Nxd5 26. Rxd5 Raf8 27. Qe2 g4 28. f4 exf4 29. Bxg7 f3 30. Qe3 Kxg7 31. Kf2 Re8 32. Re1 Rfe7 33. Qf4 Qf6 34. Qxg4+ Kh7 35. Qxf3 Qxf3+ 36. Kxf3 Re5 37. Rxe5 Rxe5 38. Ke3 Kg6 39. Rf1 Re8 40. Rf5 a6 41. Kf4 axb5 42. axb5 Ra8 43. e5 Ra4 44. Rf6+ Kg7 45. Kf5 dxe5 46. Rg6+ Kh7 47. Rg4 Ra2 48. Kxe5 Rc2 49. h4 h5 50. Rf4 Kg7 51. g4 hxg4 52. Rxg4+ Kh6 53. Re4 Kh5 54. Ke6 Rd2 55. Ke7 Rd4 56. Re5+ Kxh4 57. Rxc5 1-0

[Event "Montcalm-ch"]
[Site "Quebec CAN"]
[Date "2005.04.28"]
[Round "1"]
[White "Berube, Antoine"]
[Black "Dion, Jean-Francois"]
[Result "0-1"]
[WhiteElo "2194"]
[BlackElo "1951"]
[PlyCount "142"]
[GameId "2160767910968699"]
[EventDate "2005.04.28"]
[EventType "tourn"]
[EventRounds "5"]
[EventCountry "CAN"]

1. d4 Nf6 2. c4 g6 3. Nc3 Bg7 4. e4 d6 5. f3 O-O 6. Be3 Nc6 7. Nge2 e5 8. d5 Ne7 9. Qd2 Ne8 10. g4 f5 11. gxf5 gxf5 12. O-O-O f4 13. Bf2 Ng6 14. h4 h5 15. Bh3 Bxh3 16. Rxh3 Bf6 17. Rg1 Kh7 18. Qe1 Rg8 19. Rg2 Ne7 20. Rxg8 Nxg8 21. Rh2 a6 22. Kb1 Ne7 23. Ng1 Qd7 24. Nh3 Ng7 25. Qg1 Rg8 26. Qh1 Rh8 27. Rg2 Rg8 28. Ng5+ Bxg5 29. Rxg5 Kh6 30. Qg2 Qc8 31. Ne2 c5 32. Be1 b5 33. Bc3 Qf8 34. b3 Ne8 35. Nc1 Rg7 36. Nd3 Qf6 37. Rxg7 Nxg7 38. cxb5 axb5 39. a4 bxa4 40. bxa4 Qxh4 41. Nxf4 Qg5 42. Qxg5+ Kxg5 43. Nd3 Ne8 44. Ba5 c4 45. Ne1 h4 46. Bd2+ Kh5 47. Be3 h3 48. Bg1 Kg5 49. Be3+ Kh4 50. Bf2+ Kg5 51. Bg3 Nc8 52. a5 Nc7 53. Nc2 Nb5 54. a6 Kf6 55. Ne3 Nb6 56. Ng4+ Ke7 57. Nf2 Nd4 58. f4 Ne2 59. Bh4+ Kd7 60. fxe5 dxe5 61. Kc2 h2 62. Kd2 Nd4 63. Bg3 c3+ 64. Ke1 c2 65. Kd2 Nc4+ 66. Kc1 Ne2+ 67. Kxc2 Nxg3 68. Kd3 Nb6 69. Ke3 Nh1 70. Nxh1 Kc7 71. Kf3 Nd7 0-1

[Event "Montcalm-ch"]
[Site "Quebec CAN"]
[Date "2005.04.28"]
[Round "1"]
[White "Sauve, Richard"]
[Black "Caire, Francois"]
[Result "0-1"]
[WhiteElo "1932"]
[BlackElo "2209"]
[PlyCount "81"]
[GameId "2160767910968700"]
[EventDate "2005.04.28"]
[EventType "tourn"]
[EventRounds "5"]
[EventCountry "CAN"]

1. d4 Nf6 2. c4 e6 3. Nc3 Bb4 4. Qc2 O-O 5. a3 Bxc3+ 6. Qxc3 b6 7. Bg5 Bb7 8. e3 d6 9. f3 Nbd7 10. Bd3 c5 11. Ne2 h6 12. Bh4 Rc8 13. Qd2 Ba6 14. b3 cxd4 15. exd4 d5 16. Rc1 dxc4 17. bxc4 e5 18. O-O exd4 19. Ng3 Rc6 20. Rfe1 Nc5 21. Nh5 Nb3 22. Nxf6+ Rxf6 23. Qc2 Nxc1 24. Bxf6 Nxd3 25. Bxd8 Nxe1 26. Qa4 Rxd8 27. Kf1 Nc2 28. Qxc2 d3 29. Qd2 Bxc4 30. Ke1 Bb3 31. Kf2 b5 32. g4 Rd7 33. h4 a5 34. h5 a4 35. f4 b4 36. g5 bxa3 37. Qa5 d2 38. Qa8+ Kh7 39. Qe4+ g6 40. f5 Kg7 41. Qe5+ 0-1

[Event "Montcalm-ch"]
[Site "Quebec CAN"]
[Date "2005.05.05"]
[Round "2"]
[White "Caire, Francois"]
[Black "Moisan, Francois"]
[Result "1-0"]
[WhiteElo "2209"]
[BlackElo "1912"]
[PlyCount "61"]
[GameId "2160767910968701"]
[EventDate "2005.04.28"]
[EventType "tourn"]
[EventRounds "5"]
[EventCountry "CAN"]

1. d4 Nf6 2. c4 g6 3. Nc3 Bg7 4. e4 d6 5. f4 O-O 6. Nf3 Nbd7 7. Be2 e5 8. fxe5 dxe5 9. d5 a5 10. O-O Nc5 11. Qc2 Nh5 12. Bg5 f6 13. Be3 Qe7 14. Ne1 Nf4 15. Bxf4 exf4 16. Rxf4 f5 17. Bd3 Bd4+ 18. Kh1 Be3 19. Rf3 f4 20. Rf1 g5 21. Qe2 g4 22. g3 Bd7 23. Nc2 Nxd3 24. Qxd3 Bc5 25. gxf4 Qh4 26. Ne2 Bf2 27. Ne1 g3 28. Nxg3 Rxf4 29. Ng2 Qf6 30. Nh5 Rf3 31. Nxf6+ 1-0

[Event "Montcalm-ch"]
[Site "Quebec CAN"]
[Date "2005.05.05"]
[Round "2"]
[White "Dion, Jean-Francois"]
[Black "Auger, Bertrand"]
[Result "0-1"]
[WhiteElo "1951"]
[BlackElo "1988"]
[PlyCount "90"]
[GameId "2160767910968702"]
[EventDate "2005.04.28"]
[EventType "tourn"]
[EventRounds "5"]
[EventCountry "CAN"]

1. d4 e6 2. Bf4 Nf6 3. Nf3 b6 4. e3 Bb7 5. Nbd2 g6 6. Bd3 Bg7 7. h3 O-O 8. O-O d6 9. c4 c5 10. Qc2 Nc6 11. a3 cxd4 12. exd4 Nh5 13. Be3 Rc8 14. Rac1 f5 15. Nb3 f4 16. Bd2 Ne7 17. Ng5 Qd7 18. Rfe1 e5 19. dxe5 dxe5 20. c5 Kh8 21. Bc3 Nc6 22. Bc4 Nd4 23. Bxd4 exd4 24. Be6 Qc6 25. f3 Rc7 26. Qd3 bxc5 27. Rxc5 Qb6 28. Rxc7 Qxc7 29. Bg4 Ng3 30. Ne6 Qe7 31. h4 Rd8 32. Qd2 d3 33. Nxf4 Qf6 34. Nxd3 Qb6+ 35. Nbc5 Bd4+ 36. Kh2 Nf1+ 37. Rxf1 Bxc5 38. Qc3+ Bd4 39. Qb4 Qc7+ 40. Kh1 h5 41. Qb5 Qe7 42. Re1 Qxh4+ 43. Bh3 Bxf3 44. Re8+ Kg7 45. Rxd8 Qxh3# 0-1

[Event "Montcalm-ch"]
[Site "Quebec CAN"]
[Date "2005.05.05"]
[Round "2"]
[White "Sauve, Richard"]
[Black "Berube, Antoine"]
[Result "1/2-1/2"]
[WhiteElo "1932"]
[BlackElo "2194"]
[PlyCount "111"]
[GameId "2160767910968703"]
[EventDate "2005.04.28"]
[EventType "tourn"]
[EventRounds "5"]
[EventCountry "CAN"]

1. d4 d5 2. c4 e5 3. dxe5 d4 4. Nf3 Nc6 5. g3 Be6 6. b3 Qd7 7. Bg2 O-O-O 8. O-O Bh3 9. Bb2 h5 10. Qd2 h4 11. Bxh3 Qxh3 12. Ng5 Qd7 13. Qf4 Nh6 14. Nd2 f6 15. e6 Qe7 16. Nf7 Nxf7 17. exf7 Qxf7 18. Nf3 hxg3 19. fxg3 Kb8 20. Rad1 Qh5 21. Qh4 Bc5 22. Qxh5 Rxh5 23. Kg2 Kc8 24. a3 a5 25. Rd2 Ne5 26. Nxe5 Rxe5 27. Rf3 Rde8 28. Kf1 Rh8 29. Kg2 Rhe8 30. Kf1 Re3 31. Rxe3 Rxe3 32. Rd3 Re4 33. Kf2 f5 34. Kf3 g6 35. h3 c6 36. a4 Kc7 37. Bc1 b5 38. Bd2 Kb6 39. cxb5 cxb5 40. axb5 Kxb5 41. g4 Bb4 42. gxf5 gxf5 43. Bg5 Bc3 44. e3 Kb4 45. exd4 Bxd4 46. h4 Bc3 47. Bd8 Be1 48. h5 Bh4 49. Bc7 Bg5 50. Bd6+ Kb5 51. Rd5+ Kc6 52. Rxf5 Re3+ 53. Kf2 Kxd6 54. Rxg5 Rxb3 55. Rxa5 Rb7 56. Kg3 1/2-1/2

[Event "Montcalm-ch"]
[Site "Quebec CAN"]
[Date "2005.05.12"]
[Round "3"]
[White "Auger, Bertrand"]
[Black "Sauve, Richard"]
[Result "0-1"]
[WhiteElo "1988"]
[BlackElo "1932"]
[PlyCount "60"]
[GameId "2160767910968704"]
[EventDate "2005.04.28"]
[EventType "tourn"]
[EventRounds "5"]
[EventCountry "CAN"]

1. b4 e5 2. Bb2 Bxb4 3. Bxe5 Nf6 4. Nf3 Nc6 5. Bb2 O-O 6. e3 Re8 7. Be2 d5 8. O-O Bg4 9. d4 Qd7 10. Ne5 Nxe5 11. dxe5 Bxe2 12. Qxe2 Ne4 13. f3 Ng5 14. Nc3 Qc6 15. Nb5 Bc5 16. Nd4 Bxd4 17. exd4 Ne6 18. f4 Qb6 19. c3 c5 20. Rad1 cxd4 21. cxd4 Rac8 22. Rf3 Rc4 23. Qf2 Rec8 24. h4 Rc2 25. Rd2 Qxb2 26. Rfd3 Qc1+ 27. Kh2 Rxd2 28. Rxd2 Qa3 29. f5 Nf8 30. f6 Ne6 0-1

[Event "Montcalm-ch"]
[Site "Quebec CAN"]
[Date "2005.05.12"]
[Round "3"]
[White "Berube, Antoine"]
[Black "Caire, Francois"]
[Result "1-0"]
[WhiteElo "2194"]
[BlackElo "2209"]
[PlyCount "78"]
[GameId "2160767910968705"]
[EventDate "2005.04.28"]
[EventType "tourn"]
[EventRounds "5"]
[EventCountry "CAN"]

1. d4 Nf6 2. c4 e6 3. Nc3 Bb4 4. Nf3 b6 5. Bg5 Bb7 6. e3 h6 7. Bh4 Bxc3+ 8. bxc3 d6 9. Nd2 Nbd7 10. Qc2 Qe7 11. e4 e5 12. Bd3 O-O-O 13. O-O g5 14. Bg3 Nh5 15. a4 a5 16. Rfe1 Nxg3 17. fxg3 g4 18. Nf1 Qf6 19. c5 dxc5 20. d5 h5 21. Ne3 h4 22. gxh4 Qxh4 23. g3 Qh5 24. Qe2 Rdg8 25. Rab1 Nf6 26. Nf5 Rg5 27. Rf1 Qh7 28. Nd6+ cxd6 29. Rxf6 Rh5 30. Qxg4+ Kb8 31. Rxb6 Rxh2 32. Rxb7+ Ka8 33. Ra7+ Kb8 34. Rb7+ Ka8 35. Rb1 Rd2 36. Qh4 Qg8 37. Rxd6 Rd1+ 38. Rxd1 Rxh4 39. Ra6+ Kb7 1-0

[Event "Montcalm-ch"]
[Site "Quebec CAN"]
[Date "2005.05.12"]
[Round "3"]
[White "Moisan, Francois"]
[Black "Dion, Jean-Francois"]
[Result "1/2-1/2"]
[WhiteElo "1912"]
[BlackElo "1951"]
[PlyCount "62"]
[GameId "2160767910968706"]
[EventDate "2005.04.28"]
[EventType "tourn"]
[EventRounds "5"]
[EventCountry "CAN"]

1. e4 d6 2. d4 Nf6 3. Nc3 g6 4. f4 Bg7 5. Nf3 O-O 6. Be3 c6 7. Bd3 b5 8. e5 dxe5 9. dxe5 Nd5 10. Nxd5 Qxd5 11. Qe2 Qd8 12. O-O Nd7 13. c4 a6 14. Rad1 Qc7 15. Ng5 h6 16. Nxf7 Rxf7 17. e6 Rf6 18. exd7 Bxd7 19. Bd4 Re6 20. Qf2 Rf8 21. Bxg7 Kxg7 22. Qd4+ Rff6 23. c5 Be8 24. f5 Re5 25. fxg6 Rh5 26. h3 Rxh3 27. gxh3 Qg3+ 28. Kh1 Qxh3+ 29. Kg1 Qg3+ 30. Kh1 Qh3+ 31. Kg1 Qg3+ 1/2-1/2

[Event "Montcalm-ch"]
[Site "Quebec CAN"]
[Date "2005.05.19"]
[Round "4"]
[White "Berube, Antoine"]
[Black "Auger, Bertrand"]
[Result "1-0"]
[WhiteElo "2194"]
[BlackElo "1988"]
[PlyCount "81"]
[GameId "2160767910968707"]
[EventDate "2005.04.28"]
[EventType "tourn"]
[EventRounds "5"]
[EventCountry "CAN"]

1. e4 e6 2. d4 d5 3. Nd2 Nf6 4. e5 Nfd7 5. Bd3 c5 6. c3 Nc6 7. Ne2 cxd4 8. cxd4 f6 9. exf6 Nxf6 10. Nf3 Bd6 11. Bf4 O-O 12. O-O Bxf4 13. Nxf4 Ne4 14. Nh5 Bd7 15. Ng3 Nxg3 16. hxg3 Qf6 17. Bb5 Be8 18. Bxc6 Bxc6 19. Qe2 Rae8 20. Ne5 Re7 21. Rac1 Be8 22. Rc3 Qg5 23. Rfc1 Bg6 24. Rc8 Ree8 25. R8c7 Re7 26. R1c3 Be4 27. f4 Qf6 28. Qd2 Rd8 29. Qc1 Qf8 30. Rxe7 Qxe7 31. Rc7 Qb4 32. Rxg7+ Kh8 33. Rg5 Qxd4+ 34. Kh2 h6 35. Nf7+ Kh7 36. Nxd8 hxg5 37. Nxe6 Qb6 38. Nxg5+ Kg6 39. Qc8 Qxb2 40. Qe8+ Kf5 41. Qe6# 1-0

[Event "Montcalm-ch"]
[Site "Quebec CAN"]
[Date "2005.05.19"]
[Round "4"]
[White "Caire, Francois"]
[Black "Dion, Jean-Francois"]
[Result "1-0"]
[WhiteElo "2209"]
[BlackElo "1951"]
[PlyCount "50"]
[GameId "2160767910968708"]
[EventDate "2005.04.28"]
[EventType "tourn"]
[EventRounds "5"]
[EventCountry "CAN"]

1. e4 d6 2. d4 Nf6 3. Nc3 g6 4. f4 Bg7 5. Nf3 O-O 6. Bd3 c5 7. dxc5 dxc5 8. e5 Nd5 9. Nxd5 Qxd5 10. Qe2 Nc6 11. c3 Kh8 12. Bc4 Qd8 13. Ng5 e6 14. h4 h6 15. Ne4 b6 16. h5 Ne7 17. Bd2 Bb7 18. O-O-O Nf5 19. Be1 Qc8 20. g4 Ne7 21. Bh4 Nd5 22. Rdf1 Nxf4 23. Rxf4 g5 24. Bxg5 hxg5 25. Nxg5 Bxh1 1-0

[Event "Montcalm-ch"]
[Site "Quebec CAN"]
[Date "2005.05.19"]
[Round "4"]
[White "Sauve, Richard"]
[Black "Moisan, Francois"]
[Result "1-0"]
[WhiteElo "1932"]
[BlackElo "1912"]
[PlyCount "127"]
[GameId "2160767910968709"]
[EventDate "2005.04.28"]
[EventType "tourn"]
[EventRounds "5"]
[EventCountry "CAN"]

1. d4 Nf6 2. c4 g6 3. Nc3 Bg7 4. e4 d6 5. f3 O-O 6. Be3 Nc6 7. Nge2 a6 8. Qd2 Rb8 9. Nc1 e5 10. d5 Nd4 11. N1e2 Nxe2 12. Bxe2 Nh5 13. O-O-O f5 14. exf5 gxf5 15. Kb1 Nf4 16. Bf1 Bd7 17. g3 Ng6 18. Bh6 Bxh6 19. Qxh6 b5 20. h4 Qf6 21. h5 Ne7 22. Qxf6 Rxf6 23. cxb5 axb5 24. Rh2 b4 25. Ne2 c6 26. dxc6 Bxc6 27. Ng1 d5 28. f4 e4 29. Ne2 Bb5 30. Nd4 Bxf1 31. Rxf1 Nc6 32. Rd1 Nxd4 33. Rxd4 Rd6 34. Kc2 b3+ 35. axb3 Rdb6 36. Rxd5 Rxb3 37. Rd8+ Rxd8 38. Kxb3 Rd3+ 39. Kc4 Rxg3 40. b4 Rg1 41. b5 Rc1+ 42. Kd5 Rb1 43. Kc6 Rc1+ 44. Kb7 Kf7 45. b6 Ke6 46. Ka8 Ra1+ 47. Kb8 Kd5 48. b7 Kd4 49. Rb2 Kc3 50. Rb5 e3 51. Rxf5 e2 52. Re5 e1=Q 53. Rxe1 Rxe1 54. f5 Re8+ 55. Kc7 Re7+ 56. Kc6 Re8 57. f6 Kd4 58. f7 Rf8 59. Kd6 Ke4 60. Ke7 Rb8 61. f8=Q Rxb7+ 62. Kf6 Rb6+ 63. Kg5 Rb5+ 64. Kg4 1-0